000 00960nam a22002417a 4500
003 OSt
005 20230908110629.0
008 220823b1982 mx ||||| |||| 00| 0 spa d
040 _erda
100 0 _911877
_aBernal Alcántara, Juan Arelí
245 1 _aEfecto del nitrógeno, el fósforo, la densidad de población del frijol y el encalado del suelo en el rendimiento de la asociación maíz - frijol en Totontepec Mixes, Oaxaca /
_cpor Juan Arelí Bernal Alcántará
264 _aChapingo, Méxcio :
_b El autor,
_c1982.
300 _a93 páginas
336 _atexto
_2rdacontenido
337 _asinmedio
_2rdamedia
338 _avolumen
_2rdacarrier
502 _bIAEF
_cFitotecnia
_d1982
504 _aIncluye bibliografía, páginas 63 - 70.
650 4 _940553
_aFertilizantes
_xEfecto en suelos
650 4 _971051
_aMaíz
_xRendimiento
650 4 _9185443
_aCultivos asociados
_xRendimiento
942 _2Clasificación Universidad Autónoma Chapingo
999 _c217612
_d217612